书目信息 |
| 题名: |
西部资源富集区新农村建设的经济学分析
|
|
| 作者: | 任保平 著 | |
| 分册: | ||
| 出版信息: | 北京 中国经济出版社 2009.06 |
|
| 页数: | 278页 | |
| 开本: | 21cm | |
| 丛书名: | ||
| 单 册: | ||
| 中图分类: | F327.4 , F327.7 | |
| 科图分类: | ||
| 主题词: | 农村--社会主义建设--研究--西北地区 , 农村--社会主义建设--研究--西南地区 , 农村 , 社会主义建设 | |
| 电子资源: | ||
| ISBN: | 978-7-5017-9016-6 | |
| 000 | 01367nam0 2200313 450 | |
| 001 | 010010038650 | |
| 005 | 20091221090721.44 | |
| 010 | @a978-7-5017-9016-6@dCNY25.00 | |
| 100 | @a20090808d2009 em y0chiy0110 ea | |
| 101 | 0 | @achi |
| 102 | @aCN@b110000 | |
| 105 | @aak z 000yy | |
| 106 | @ar | |
| 200 | 1 | @a西部资源富集区新农村建设的经济学分析@9xi bu zi yuan fu ji qu xin nong cun jian she de jing ji xue fen xi@f任保平等著 |
| 210 | @a北京@c中国经济出版社@d2009.06 | |
| 215 | @a278页@c图@d21cm | |
| 300 | @a教育部新世纪优秀人才支持计划(NCET-06-0890) 陕西省哲学社会科学研究重点基地项目(08JZ15) 新世纪优秀人才支持计划西北大学211配套支持项目 | |
| 312 | @a封面英文题名:Economic analysis of constructng new countryside in western rich resourse region | |
| 330 | @a本书内容包括:社会主义新农村建设的区域特殊性、社会主义新农村建设的分析框架、西部资源富集区社会主义新农村建设的优劣势分析、西部资源富集区社会主义新农村建设的制度创新等。 | |
| 510 | 1 | @aEconomic analysis of constructng new countryside in western rich resourse region@zeng |
| 606 | 0 | @a农村@x社会主义建设@x研究@y西北地区 |
| 606 | 0 | @a农村@x社会主义建设@x研究@y西南地区 |
| 606 | 0 | @a农村 |
| 606 | 0 | @a社会主义建设 |
| 690 | @aF327.4@v4 | |
| 690 | @aF327.7@v4 | |
| 701 | 0 | @a任保平@9ren bao ping@f(1968~)@4著 |
| 801 | 0 | @aCN@bRENTIAN@c20091221 |
| 905 | @b20797753-58@dF327.4@e118@f6 | |
| 西部资源富集区新农村建设的经济学分析/任保平等著.-北京:中国经济出版社,2009.06 |
| 278页:图;21cm |
| 教育部新世纪优秀人才支持计划(NCET-06-0890) 陕西省哲学社会科学研究重点基地项目(08JZ15) 新世纪优秀人才支持计划西北大学211配套支持项目 |
| ISBN 978-7-5017-9016-6:CNY25.00 |
| 本书内容包括:社会主义新农村建设的区域特殊性、社会主义新农村建设的分析框架、西部资源富集区社会主义新农村建设的优劣势分析、西部资源富集区社会主义新农村建设的制度创新等。 |
| ● |
| 相关链接 |
|
|
|
|
正题名:西部资源富集区新农村建设的经济学分析
索取号:F327.4/118
 
预约/预借
| 序号 | 登录号 | 条形码 | 馆藏地/架位号 | 状态 | 备注 |
| 1 | 797753 | 207977536 | 第一样本阅览室/ [索取号:F327.4/118] | 在馆 | |
| 2 | 797754 | 207977545 | 第一借阅区/ [索取号:F327.4/118] | 在馆 | |
| 3 | 797755 | 207977554 | 第一借阅区/ [索取号:F327.4/118] | 在馆 | |
| 4 | 797756 | 207977563 | 第一借阅区/ [索取号:F327.4/118] | 在馆 | |
| 5 | 797757 | 207977572 | 第一借阅区/ [索取号:F327.4/118] | 在馆 | |
| 6 | 797758 | 207977581 | 密集书库-资源管理系/ [索取号:F327.4/118] | 在馆 |